[Event "DEM U18w 2018"]
[Site "Willingen GER"]
[Date "2018.05.22"]
[Round "4"]
[White "Jörs, Pia-Milena"]
[Black "Zell, Mirjam"]
[Result "1/2-1/2"]
[Termination "normal"]
[Board "11"]
[WhiteElo "1557"]
[BlackElo "1829"]
[WhiteClock "00:03:59"]
[BlackClock "00:01:04"]
[PlyCount "80"]
[WhiteFideId "12964646"]
[BlackFideId "16208544"]
[EventCountry "GER"]
[EventRounds "9"]
[EventType "swiss"]
[EventDate "2018.05.19"]

1. d4 {[%clk 1:30:58]} 1... Nf6 {[%clk 1:30:51]} 2. c4 {[%clk 1:31:18]} 2... e6
{[%clk 1:31:09]} 3. Nc3 {[%clk 1:31:41]} 3... d5 {[%clk 1:31:27]} 4. Nf3 {
[%clk 1:31:38]} 4... c6 {[%clk 1:26:42]} 5. Bg5 {[%clk 1:31:21]} 5... Nbd7 {
[%clk 1:26:50]} 6. e3 {[%clk 1:30:48]} 6... Qa5 {[%clk 1:26:56]} 7. Qc2 { [%clk
1:20:46]} 7... Bb4 {[%clk 1:24:16]} 8. Nd2 {[%clk 1:10:19]} 8... h6 { [%clk
1:16:39]} 9. Bf4 {[%clk 1:06:21]} 9... c5 {[%clk 1:13:59]} 10. Be2 { [%clk
1:01:44]} 10... O-O {[%clk 1:10:22]} 11. O-O {[%clk 1:00:48]} 11... cxd4 {[%clk
1:08:12]} 12. exd4 {[%clk 1:00:27]} 12... Bxc3 {[%clk 1:01:54]} 13. bxc3 {[%clk
0:58:41]} 13... Qd8 {[%clk 0:59:39]} 14. c5 {[%clk 0:55:58]} 14... a6 { [%clk
0:55:50]} 15. Qd3 {[%clk 0:45:15]} 15... Nh7 {[%clk 0:48:40]} 16. Qg3 { [%clk
0:41:12]} 16... Qf6 {[%clk 0:44:04]} 17. Bd3 {[%clk 0:34:41]} 17... g5 { [%clk
0:37:46]} 18. h4 {[%clk 0:26:41]} 18... Qxf4 {[%clk 0:36:01]} 19. Bxh7+ { [%clk
0:15:15]} 19... Kxh7 {[%clk 0:31:50]} 20. Qd3+ {[%clk 0:15:37]} 20... Kh8
{[%clk 0:29:21]} 21. hxg5 {[%clk 0:15:51]} 21... Qxg5 {[%clk 0:28:28]} 22. Nf3
{[%clk 0:16:06]} 22... Qg7 {[%clk 0:27:43]} 23. Kh2 {[%clk 0:15:24]} 23... Nf6
{[%clk 0:27:01]} 24. Ne5 {[%clk 0:15:28]} 24... Rg8 {[%clk 0:25:26]} 25. Qh3 {
[%clk 0:15:10]} 25... Qh7 {[%clk 0:18:24]} 26. Rh1 {[%clk 0:14:08]} 26... Rg5 {
[%clk 0:12:58]} 27. Kg1 {[%clk 0:12:33]} 27... Rh5 {[%clk 0:11:59]} 28. Qf3 {
[%clk 0:11:56]} 28... Rxh1+ {[%clk 0:11:18]} 29. Kxh1 {[%clk 0:12:24]} 29...
Qg7 {[%clk 0:11:04]} 30. Kh2 {[%clk 0:11:09]} 30... Kg8 {[%clk 0:08:22]} 31.
Rh1 {[%clk 0:11:25]} 31... Kf8 {[%clk 0:08:31]} 32. Kg1 {[%clk 0:11:40]} 32...
Ke7 {[%clk 0:08:51]} 33. Qh3 {[%clk 0:11:14]} 33... h5 {[%clk 0:08:44]} 34. Qh4
{[%clk 0:10:49]} 34... Bd7 {[%clk 0:08:44]} 35. Rh3 {[%clk 0:10:59]} 35... Ke8
{[%clk 0:05:59]} 36. Rf3 {[%clk 0:09:52]} 36... Ng8 {[%clk 0:02:04]} 37. Qxh5 {
[%clk 0:09:13]} 37... Nf6 {[%clk 0:01:20]} 38. Qh4 {[%clk 0:09:00]} 38... Ng8 {
[%clk 0:01:38]} 39. Qh5 {[%clk 0:03:58]} 39... Nf6 {[%clk 0:01:37]} 40. Qh4 {
[%clk 0:03:59]} 40... Ng8 {[%clk 0:01:04]} 1/2-1/2

[Event "DEM U18w 2018"]
[Site "Willingen GER"]
[Date "2018.05.22"]
[Round "4"]
[White "Lohrmann, Tabea"]
[Black "Mylke, Sandy-Michelle"]
[Result "1/2-1/2"]
[Termination "normal"]
[Board "12"]
[WhiteElo "1632"]
[BlackElo "1100"]
[WhiteClock "00:16:52"]
[BlackClock "00:42:12"]
[PlyCount "115"]
[WhiteFideId "12911941"]
[BlackFideId "16235045"]
[EventCountry "GER"]
[EventRounds "9"]
[EventType "swiss"]
[EventDate "2018.05.19"]

1. e4 {[%clk 1:30:55]} 1... e5 {[%clk 1:30:49]} 2. Nf3 {[%clk 1:31:13]} 2...
Nc6 {[%clk 1:31:03]} 3. d4 {[%clk 1:31:34]} 3... exd4 {[%clk 1:30:51]} 4. Bc4 {
[%clk 1:31:42]} 4... Bc5 {[%clk 1:30:34]} 5. O-O {[%clk 1:30:47]} 5... d6 {
[%clk 1:29:50]} 6. Nbd2 {[%clk 1:23:05]} 6... Nf6 {[%clk 1:26:59]} 7. h3 {
[%clk 1:14:46]} 7... O-O {[%clk 1:23:07]} 8. Re1 {[%clk 1:13:19]} 8... Re8 {
[%clk 1:20:14]} 9. Ng5 {[%clk 1:05:40]} 9... Ne5 {[%clk 1:17:21]} 10. Bb3 {
[%clk 0:59:58]} 10... h6 {[%clk 1:08:20]} 11. Ngf3 {[%clk 0:58:07]} 11... b6 {
[%clk 1:05:08]} 12. Nxe5 {[%clk 0:48:58]} 12... dxe5 {[%clk 1:03:42]} 13. Qe2 {
[%clk 0:41:08]} 13... Qd6 {[%clk 0:56:30]} 14. a3 {[%clk 0:35:34]} 14... a5 {
[%clk 0:51:04]} 15. Kh1 {[%clk 0:28:19]} 15... Be6 {[%clk 0:46:21]} 16. Nc4 {
[%clk 0:25:34]} 16... Qd7 {[%clk 0:46:00]} 17. Nxe5 {[%clk 0:21:45]} 17... Qc8
{[%clk 0:42:08]} 18. Ba4 {[%clk 0:14:34]} 18... Bd7 {[%clk 0:41:12]} 19. Bxd7 {
[%clk 0:13:29]} 19... Nxd7 {[%clk 0:41:24]} 20. Nxd7 {[%clk 0:13:10]} 20...
Qxd7 {[%clk 0:41:12]} 21. Bf4 {[%clk 0:10:37]} 21... Re7 {[%clk 0:39:21]} 22.
Rad1 {[%clk 0:09:33]} 22... Rae8 {[%clk 0:37:17]} 23. f3 {[%clk 0:09:31]} 23...
Bd6 {[%clk 0:36:31]} 24. Rxd4 {[%clk 0:09:25]} 24... Qc6 {[%clk 0:31:49]} 25.
Bxd6 {[%clk 0:08:52]} 25... cxd6 {[%clk 0:32:08]} 26. Qd2 {[%clk 0:08:21]}
26... Rd8 {[%clk 0:30:03]} 27. Rd1 {[%clk 0:07:50]} 27... Red7 {[%clk 0:25:43]}
28. f4 {[%clk 0:06:31]} 28... f6 {[%clk 0:24:11]} 29. c4 {[%clk 0:05:21]} 29...
Kh8 {[%clk 0:21:13]} 30. e5 {[%clk 0:05:03]} 30... fxe5 {[%clk 0:21:05]} 31.
fxe5 {[%clk 0:05:23]} 31... Re8 {[%clk 0:18:40]} 32. Rxd6 {[%clk 0:04:49]}
32... Rxd6 {[%clk 0:18:25]} 33. exd6 {[%clk 0:05:15]} 33... Qxc4 { [%clk
0:17:17]} 34. d7 {[%clk 0:05:31]} 34... Rd8 {[%clk 0:17:34]} 35. Rc1 { [%clk
0:05:02]} 35... Qe6 {[%clk 0:17:53]} 36. Rc7 {[%clk 0:04:22]} 36... Kg8 { [%clk
0:17:31]} 37. Qf2 {[%clk 0:02:15]} 37... Rxd7 {[%clk 0:17:32]} 38. Rxd7 { [%clk
0:02:30]} 38... Qxd7 {[%clk 0:17:27]} 39. Qxb6 {[%clk 0:02:48]} 39... Qd2
{[%clk 0:17:01]} 40. Qb3+ {[%clk 0:02:01]} 40... Kh7 {[%clk 0:16:54]} 41. Qc3 {
[%clk 0:01:58]} 41... Qd1+ {[%clk 0:16:51]} 42. Kh2 {[%clk 0:02:04]} 42... Qd6+
{[%clk 0:17:04]} 43. Kg1 {[%clk 0:01:40]} 43... Qd1+ {[%clk 0:15:47]} 44. Kf2 {
[%clk 0:01:18]} 44... Qh5 {[%clk 0:13:08]} 45. b4 {[%clk 0:28:10]} 45... Qf5+ {
[%clk 0:42:42]} 46. Kg1 {[%clk 0:25:41]} 46... Qb1+ {[%clk 0:42:35]} 47. Kh2 {
[%clk 0:25:55]} 47... a4 {[%clk 0:42:36]} 48. Qf3 {[%clk 0:23:42]} 48... Qb3 {
[%clk 0:42:07]} 49. Kg1 {[%clk 0:22:05]} 49... Qb1+ {[%clk 0:41:44]} 50. Kf2 {
[%clk 0:22:15]} 50... Qb2+ {[%clk 0:42:03]} 51. Kg3 {[%clk 0:20:00]} 51... Qe5+
{[%clk 0:42:00]} 52. Qf4 {[%clk 0:18:45]} 52... Qc3+ {[%clk 0:42:01]} 53. Qf3 {
[%clk 0:19:08]} 53... Qe5+ {[%clk 0:42:18]} 54. Kf2 {[%clk 0:19:19]} 54... Qb2+
{[%clk 0:42:32]} 55. Ke1 {[%clk 0:19:36]} 55... Qc1+ {[%clk 0:41:41]} 56. Ke2 {
[%clk 0:16:31]} 56... Qb2+ {[%clk 0:42:02]} 57. Kd1 {[%clk 0:16:42]} 57... Qb1+
{[%clk 0:42:12]} 58. Kd2 {[%clk 0:16:52]} 1/2-1/2

[Event "DEM U18w 2018"]
[Site "Willingen GER"]
[Date "2018.05.22"]
[Round "4"]
[White "König, Emmilie"]
[Black "Schmidt, Aliyah"]
[Result "0-1"]
[Termination "normal"]
[Board "13"]
[WhiteElo "1539"]
[BlackElo "1388"]
[WhiteClock "00:05:45"]
[BlackClock "00:08:54"]
[PlyCount "50"]
[WhiteFideId "16218329"]
[BlackFideId "16240103"]
[EventCountry "GER"]
[EventRounds "9"]
[EventType "swiss"]
[EventDate "2018.05.19"]

1. d4 {[%clk 1:30:58]} 1... d5 {[%clk 1:30:53]} 2. Bf4 {[%clk 1:31:24]} 2...
Nf6 {[%clk 1:31:15]} 3. e3 {[%clk 1:31:44]} 3... c5 {[%clk 1:31:38]} 4. c3 {
[%clk 1:32:00]} 4... Nc6 {[%clk 1:31:58]} 5. Nd2 {[%clk 1:31:51]} 5... Qb6 {
[%clk 1:30:54]} 6. Rb1 {[%clk 1:31:15]} 6... Bf5 {[%clk 1:29:38]} 7. dxc5 {
[%clk 1:30:35]} 7... Qxc5 {[%clk 1:28:37]} 8. Rc1 {[%clk 1:28:34]} 8... e5 {
[%clk 1:22:13]} 9. Bg3 {[%clk 1:22:11]} 9... Bd6 {[%clk 1:11:21]} 10. Be2 {
[%clk 1:16:07]} 10... O-O {[%clk 1:06:27]} 11. Bh4 {[%clk 1:02:42]} 11... Be7 {
[%clk 0:56:08]} 12. b4 {[%clk 0:46:53]} 12... Qd6 {[%clk 0:49:14]} 13. Bxf6 {
[%clk 0:41:48]} 13... Bxf6 {[%clk 0:47:39]} 14. g4 {[%clk 0:37:48]} 14... Be6 {
[%clk 0:36:24]} 15. Ne4 {[%clk 0:35:15]} 15... Qd8 {[%clk 0:28:04]} 16. Nxf6+ {
[%clk 0:32:29]} 16... Qxf6 {[%clk 0:28:24]} 17. Qa4 {[%clk 0:25:34]} 17... d4 {
[%clk 0:19:46]} 18. cxd4 {[%clk 0:15:55]} 18... Bd5 {[%clk 0:19:33]} 19. f3 {
[%clk 0:14:50]} 19... exd4 {[%clk 0:17:12]} 20. Qa3 {[%clk 0:09:07]} 20... dxe3
{[%clk 0:15:46]} 21. Qxe3 {[%clk 0:09:00]} 21... Rfe8 {[%clk 0:14:15]} 22. Qf2
{[%clk 0:08:46]} 22... Qf4 {[%clk 0:12:33]} 23. Rc2 {[%clk 0:06:42]} 23... Nxb4
{[%clk 0:12:25]} 24. Rd2 {[%clk 0:06:14]} 24... Bxa2 {[%clk 0:09:02]} 25. Qd4 {
[%clk 0:05:45]} 25... Qxd4 {[%clk 0:08:54]} 0-1

[Event "DEM U18w 2018"]
[Site "Willingen GER"]
[Date "2018.05.23"]
[Round "5"]
[White "Sieber, Fiona"]
[Black "Lange, Cecilia"]
[Result "1-0"]
[Termination "normal"]
[Board "1"]
[WhiteTitle "WIM"]
[WhiteElo "2234"]
[BlackElo "1929"]
[WhiteClock "00:39:04"]
[BlackClock "00:11:15"]
[PlyCount "63"]
[WhiteFideId "12902373"]
[BlackFideId "12976040"]
[EventCountry "GER"]
[EventRounds "9"]
[EventType "swiss"]
[EventDate "2018.05.19"]

1. e4 {[%clk 1:30:58]} 1... e6 {[%clk 1:30:55]} 2. d4 {[%clk 1:31:23]} 2... d5
{[%clk 1:31:21]} 3. Nc3 {[%clk 1:31:50]} 3... Nf6 {[%clk 1:31:42]} 4. e5 {
[%clk 1:32:16]} 4... Nfd7 {[%clk 1:32:04]} 5. f4 {[%clk 1:32:41]} 5... c5 {
[%clk 1:32:22]} 6. Nf3 {[%clk 1:33:06]} 6... Nc6 {[%clk 1:32:47]} 7. Be3 {
[%clk 1:33:31]} 7... Be7 {[%clk 1:32:53]} 8. Qd2 {[%clk 1:33:56]} 8... O-O {
[%clk 1:32:58]} 9. dxc5 {[%clk 1:34:22]} 9... Nxc5 {[%clk 1:33:21]} 10. O-O-O {
[%clk 1:34:34]} 10... a6 {[%clk 1:33:41]} 11. Qf2 {[%clk 1:34:31]} 11... b6 {
[%clk 1:34:04]} 12. Kb1 {[%clk 1:34:12]} 12... Qc7 {[%clk 1:33:47]} 13. Qg3 {
[%clk 1:33:45]} 13... Ne4 {[%clk 1:30:09]} 14. Nxe4 {[%clk 1:31:44]} 14... dxe4
{[%clk 1:30:32]} 15. Nd2 {[%clk 1:26:35]} 15... Rd8 {[%clk 1:24:41]} 16. c3 {
[%clk 1:24:48]} 16... Bb7 {[%clk 1:20:09]} 17. Qf2 {[%clk 1:22:46]} 17... Bc5 {
[%clk 1:14:21]} 18. Bxc5 {[%clk 1:22:37]} 18... bxc5 {[%clk 1:14:50]} 19. Qxc5
{[%clk 1:22:33]} 19... Rd5 {[%clk 1:10:20]} 20. Qe3 {[%clk 1:21:34]} 20... Ne7
{[%clk 0:58:43]} 21. Bc4 {[%clk 1:05:15]} 21... Rd7 {[%clk 0:48:23]} 22. Bb3 {
[%clk 0:59:11]} 22... Nf5 {[%clk 0:39:28]} 23. Qe2 {[%clk 0:58:30]} 23... e3 {
[%clk 0:30:13]} 24. Nf3 {[%clk 0:50:51]} 24... a5 {[%clk 0:27:55]} 25. Rxd7 {
[%clk 0:48:35]} 25... Qxd7 {[%clk 0:28:22]} 26. Rd1 {[%clk 0:48:51]} 26... Qc6
{[%clk 0:26:30]} 27. Bc2 {[%clk 0:46:27]} 27... g6 {[%clk 0:19:24]} 28. Bxf5 {
[%clk 0:44:39]} 28... exf5 {[%clk 0:17:55]} 29. Qxe3 {[%clk 0:45:03]} 29... Qa4
{[%clk 0:14:57]} 30. b3 {[%clk 0:39:46]} 30... Be4+ {[%clk 0:12:01]} 31. Kb2 {
[%clk 0:39:53]} 31... Rb8 {[%clk 0:11:15]} 32. Rd8+ {[%clk 0:39:04]} 1-0

[Event "DEM U18w 2018"]
[Site "Willingen GER"]
[Date "2018.05.23"]
[Round "5"]
[White "Poetsch, Leonore"]
[Black "Wächter, Nathalie"]
[Result "0-1"]
[Termination "normal"]
[Board "2"]
[WhiteElo "1902"]
[BlackElo "1954"]
[WhiteClock "00:57:31"]
[BlackClock "00:08:35"]
[PlyCount "120"]
[WhiteFideId "12940372"]
[BlackFideId "12921033"]
[EventCountry "GER"]
[EventRounds "9"]
[EventType "swiss"]
[EventDate "2018.05.19"]

1. e4 {[%clk 1:30:52]} 1... d5 {[%clk 1:30:39]} 2. exd5 {[%clk 1:31:15]} 2...
Qxd5 {[%clk 1:31:04]} 3. Nc3 {[%clk 1:31:27]} 3... Qa5 {[%clk 1:31:28]} 4. d4 {
[%clk 1:31:48]} 4... c6 {[%clk 1:31:51]} 5. Nf3 {[%clk 1:32:11]} 5... Nf6 {
[%clk 1:32:05]} 6. Bd3 {[%clk 1:32:13]} 6... Bg4 {[%clk 1:30:24]} 7. h3 { [%clk
1:28:29]} 7... Bh5 {[%clk 1:29:47]} 8. Bd2 {[%clk 1:27:12]} 8... e6 { [%clk
1:29:50]} 9. O-O {[%clk 1:23:33]} 9... Qc7 {[%clk 1:29:36]} 10. Ne4 { [%clk
1:20:06]} 10... Nbd7 {[%clk 1:27:17]} 11. a4 {[%clk 1:15:35]} 11... Nxe4 {[%clk
1:23:07]} 12. Bxe4 {[%clk 1:15:57]} 12... Nf6 {[%clk 1:23:21]} 13. Bd3 { [%clk
1:15:33]} 13... Bd6 {[%clk 1:21:14]} 14. Re1 {[%clk 1:14:20]} 14... Bh2+ {[%clk
0:52:52]} 15. Kh1 {[%clk 1:14:10]} 15... Bf4 {[%clk 0:53:02]} 16. Bxf4 { [%clk
1:10:49]} 16... Qxf4 {[%clk 0:53:25]} 17. Qd2 {[%clk 1:09:29]} 17... Nd5 {[%clk
0:46:46]} 18. Qxf4 {[%clk 1:07:05]} 18... Nxf4 {[%clk 0:47:10]} 19. Be4 {[%clk
1:03:33]} 19... O-O-O {[%clk 0:42:13]} 20. g4 {[%clk 1:01:03]} 20... Bg6 {[%clk
0:41:25]} 21. Kh2 {[%clk 0:57:37]} 21... f5 {[%clk 0:40:23]} 22. gxf5 { [%clk
0:56:13]} 22... exf5 {[%clk 0:40:45]} 23. Bd3 {[%clk 0:55:08]} 23... Nxd3
{[%clk 0:41:01]} 24. cxd3 {[%clk 0:55:34]} 24... Bh5 {[%clk 0:36:39]} 25. Kg3 {
[%clk 0:51:59]} 25... Bxf3 {[%clk 0:33:08]} 26. Kxf3 {[%clk 0:51:57]} 26...
Rxd4 {[%clk 0:33:25]} 27. Ke3 {[%clk 0:51:39]} 27... Rhd8 {[%clk 0:32:51]} 28.
Red1 {[%clk 0:51:34]} 28... Rb4 {[%clk 0:32:04]} 29. Ra2 {[%clk 0:50:26]} 29...
Rdd4 {[%clk 0:31:04]} 30. a5 {[%clk 0:50:03]} 30... Rh4 {[%clk 0:29:29]} 31.
Rh1 {[%clk 0:50:21]} 31... a6 {[%clk 0:29:36]} 32. f3 {[%clk 0:49:27]} 32...
Kd7 {[%clk 0:29:09]} 33. Kf2 {[%clk 0:49:23]} 33... Ra4 {[%clk 0:27:56]} 34.
Raa1 {[%clk 0:47:41]} 34... Rhb4 {[%clk 0:26:16]} 35. b3 {[%clk 0:47:09]} 35...
Rxa1 {[%clk 0:26:33]} 36. Rxa1 {[%clk 0:47:35]} 36... Rxb3 {[%clk 0:26:40]} 37.
Ke3 {[%clk 0:47:52]} 37... Rb4 {[%clk 0:25:42]} 38. f4 {[%clk 0:48:08]} 38...
c5 {[%clk 0:24:40]} 39. h4 {[%clk 0:47:57]} 39... g6 {[%clk 0:18:03]} 40. h5 {
[%clk 0:46:57]} 40... c4 {[%clk 0:08:49]} 41. hxg6 {[%clk 0:46:17]} 41... hxg6
{[%clk 0:09:12]} 42. dxc4 {[%clk 0:43:13]} 42... Rxc4 {[%clk 0:07:22]} 43. Rb1
{[%clk 0:38:36]} 43... Kc7 {[%clk 0:03:55]} 44. Rg1 {[%clk 0:33:22]} 44... Re4+
{[%clk 0:03:01]} 45. Kf3 {[%clk 0:33:13]} 45... Re6 {[%clk 0:01:55]} 46. Rc1+ {
[%clk 0:32:17]} 46... Rc6 {[%clk 0:02:05]} 47. Rb1 {[%clk 0:31:52]} 47... b6 {
[%clk 0:02:01]} 48. axb6+ {[%clk 0:32:08]} 48... Rxb6 {[%clk 0:02:26]} 49. Ra1
{[%clk 0:31:29]} 49... Rb3+ {[%clk 0:01:31]} 50. Kf2 {[%clk 0:31:35]} 50... Kb7
{[%clk 0:01:13]} 51. Rg1 {[%clk 0:31:45]} 51... Rb6 {[%clk 0:01:28]} 52. Ra1 {
[%clk 0:31:57]} 52... Re6 {[%clk 0:20:43]} 53. Kg3 {[%clk 1:01:23]} 53... Re4 {
[%clk 0:19:49]} 54. Ra5 {[%clk 1:01:03]} 54... Kb6 {[%clk 0:13:31]} 55. Rd5 {
[%clk 1:01:23]} 55... Re6 {[%clk 0:13:35]} 56. Kh4 {[%clk 1:01:26]} 56... a5 {
[%clk 0:13:30]} 57. Kg5 {[%clk 1:01:11]} 57... Rc6 {[%clk 0:11:55]} 58. Rd4 {
[%clk 0:57:22]} 58... Kc5 {[%clk 0:09:30]} 59. Rd1 {[%clk 0:57:19]} 59... Ra6 {
[%clk 0:09:01]} 60. Rc1+ {[%clk 0:57:31]} 60... Kd4 {[%clk 0:08:35]} 0-1

[Event "DEM U18w 2018"]
[Site "Willingen GER"]
[Date "2018.05.23"]
[Round "5"]
[White "Ley, Sabrina"]
[Black "Sewald, Kathrin"]
[Result "0-1"]
[Termination "normal"]
[Board "3"]
[WhiteElo "1882"]
[BlackElo "2035"]
[WhiteClock "00:00:32"]
[BlackClock "00:05:33"]
[PlyCount "78"]
[WhiteFideId "12938130"]
[BlackFideId "12964557"]
[EventCountry "GER"]
[EventRounds "9"]
[EventType "swiss"]
[EventDate "2018.05.19"]

1. c4 {[%clk 1:30:57]} 1... e5 {[%clk 1:30:52]} 2. Nc3 {[%clk 1:31:19]} 2... d6
{[%clk 1:31:06]} 3. d4 {[%clk 1:31:40]} 3... Nd7 {[%clk 1:31:19]} 4. b3 { [%clk
1:30:47]} 4... g6 {[%clk 1:30:49]} 5. Bb2 {[%clk 1:28:51]} 5... Bg7 { [%clk
1:31:11]} 6. e3 {[%clk 1:25:30]} 6... Ne7 {[%clk 1:30:58]} 7. g3 { [%clk
1:23:20]} 7... O-O {[%clk 1:29:50]} 8. Bg2 {[%clk 1:22:48]} 8... f5 { [%clk
1:25:58]} 9. Nge2 {[%clk 1:21:39]} 9... g5 {[%clk 1:19:19]} 10. Qd2 { [%clk
1:08:39]} 10... Ng6 {[%clk 1:18:54]} 11. O-O-O {[%clk 1:03:50]} 11... f4 {[%clk
1:13:53]} 12. gxf4 {[%clk 0:59:28]} 12... gxf4 {[%clk 1:12:41]} 13. Be4 {[%clk
0:40:07]} 13... Qh4 {[%clk 1:05:24]} 14. Rdf1 {[%clk 0:22:12]} 14... f3 {[%clk
1:02:27]} 15. Ng3 {[%clk 0:20:50]} 15... exd4 {[%clk 1:02:27]} 16. Nd5 { [%clk
0:16:48]} 16... dxe3 {[%clk 0:52:28]} 17. fxe3 {[%clk 0:17:07]} 17... Bxb2+
{[%clk 0:45:48]} 18. Kxb2 {[%clk 0:16:07]} 18... Nde5 {[%clk 0:44:14]} 19. Nxc7
{[%clk 0:13:14]} 19... Qf6 {[%clk 0:41:21]} 20. Qd5+ {[%clk 0:09:16]} 20... Kh8
{[%clk 0:36:19]} 21. Kb1 {[%clk 0:08:48]} 21... Rb8 {[%clk 0:30:40]} 22. h4
{[%clk 0:03:51]} 22... Ne7 {[%clk 0:26:25]} 23. Qd2 {[%clk 0:01:47]} 23... N7c6
{[%clk 0:23:22]} 24. Nh5 {[%clk 0:00:39]} 24... Qf7 {[%clk 0:22:51]} 25. Nf4
{[%clk 0:00:36]} 25... Qxc7 {[%clk 0:22:37]} 26. Rhg1 {[%clk 0:00:52]} 26...
Bf5 {[%clk 0:20:50]} 27. Bxf5 {[%clk 0:00:53]} 27... Rxf5 {[%clk 0:21:10] } 28.
Qc2 {[%clk 0:00:55]} 28... Qf7 {[%clk 0:19:49]} 29. Nd5 {[%clk 0:00:45]} 29...
Rg8 {[%clk 0:16:45]} 30. Qf2 {[%clk 0:00:43]} 30... Ng4 {[%clk 0:14:35]} 31.
Qg3 {[%clk 0:00:36]} 31... Nce5 {[%clk 0:14:34]} 32. e4 {[%clk 0:00:53]} 32...
Rh5 {[%clk 0:11:52]} 33. Nf4 {[%clk 0:01:10]} 33... Rh6 {[%clk 0:11:55]} 34.
Nh3 {[%clk 0:01:05]} 34... Qg6 {[%clk 0:10:55]} 35. Ng5 {[%clk 0:01:12]} 35...
Rf8 {[%clk 0:08:35]} 36. Kc1 {[%clk 0:00:56]} 36... f2 {[%clk 0:07:11]} 37. Rg2
{[%clk 0:01:12]} 37... Rh5 {[%clk 0:05:31]} 38. Qc3 {[%clk 0:01:16]} 38... Rxh4
{[%clk 0:05:23]} 39. Nf3 {[%clk 0:00:32]} 39... Rxf3 {[%clk 0:05:33] } 0-1

[Event "DEM U18w 2018"]
[Site "Willingen GER"]
[Date "2018.05.23"]
[Round "5"]
[White "Leser, Katrin"]
[Black "Diener, Carolin Valeria"]
[Result "1-0"]
[Termination "normal"]
[Board "4"]
[WhiteElo "1862"]
[BlackElo "1957"]
[WhiteClock "00:10:14"]
[BlackClock "00:01:27"]
[PlyCount "43"]
[WhiteFideId "12997692"]
[BlackFideId "24699063"]
[EventCountry "GER"]
[EventRounds "9"]
[EventType "swiss"]
[EventDate "2018.05.19"]

1. e4 {[%clk 1:30:58]} 1... c6 {[%clk 1:30:50]} 2. Nc3 {[%clk 1:31:16]} 2... d5
{[%clk 1:31:07]} 3. Nf3 {[%clk 1:31:27]} 3... g6 {[%clk 1:31:17]} 4. exd5 {
[%clk 1:15:38]} 4... cxd5 {[%clk 1:31:39]} 5. Bb5+ {[%clk 1:12:37]} 5... Nc6 {
[%clk 1:21:40]} 6. Ne5 {[%clk 1:06:26]} 6... Qd6 {[%clk 1:08:23]} 7. d4 { [%clk
1:02:39]} 7... Bd7 {[%clk 0:58:00]} 8. Bf4 {[%clk 0:53:18]} 8... Bg7 { [%clk
0:49:32]} 9. O-O {[%clk 0:42:34]} 9... Nxe5 {[%clk 0:42:57]} 10. Bxe5 { [%clk
0:41:40]} 10... Bxe5 {[%clk 0:43:20]} 11. dxe5 {[%clk 0:41:43]} 11... Qxe5
{[%clk 0:43:39]} 12. Bxd7+ {[%clk 0:41:38]} 12... Kxd7 {[%clk 0:43:57]} 13.
Nxd5 {[%clk 0:38:03]} 13... Rd8 {[%clk 0:22:18]} 14. Re1 {[%clk 0:31:35]} 14...
Qd6 {[%clk 0:15:45]} 15. Qf3 {[%clk 0:24:43]} 15... Ke8 {[%clk 0:09:59]} 16.
Rad1 {[%clk 0:20:00]} 16... Qc6 {[%clk 0:07:58]} 17. Qe4 {[%clk 0:16:11]} 17...
e6 {[%clk 0:05:01]} 18. Qe5 {[%clk 0:15:51]} 18... f6 {[%clk 0:04:22]} 19.
Nxf6+ {[%clk 0:16:00]} 19... Ke7 {[%clk 0:02:24]} 20. Ng4 {[%clk 0:10:27]}
20... Rxd1 {[%clk 0:01:27]} 21. Rxd1 {[%clk 0:10:49]} 21... Qxc2 { [%clk
0:01:27]} 22. Ne3 {[%clk 0:10:14]} 1-0